[Event "Campeonato Estadual de Mestres do Rio d"]
[Site "TTC R Conde de Bomfim 451 Sal"]
[Date "2022.04.30"]
[Round "3.4"]
[White "Manzi, Luiz Antonio Bardar"]
[Black "Farias, Jose Walter"]
[Result "1/2-1/2"]
[WhiteElo "2008"]
[BlackElo "1800"]
[PlyCount "67"]
[EventDate "2022.04.29"]
[EventRounds "6"]
[EventCountry "BRA"]

1. Nf3 Nf6 2. g3 g6 3. b3 Bg7 4. Bb2 O-O 5. Bg2 d5 6. O-O c5 7. d3 Nc6 8. Nbd2
Qc7 9. c4 e5 10. cxd5 Nxd5 11. Rc1 b6 12. Nc4 Re8 13. Nfxe5 Bxe5 14. Bxd5 Bxb2
15. Nxb2 Bh3 16. Bg2 Bxg2 17. Kxg2 Qe5 18. Rc2 Nd4 19. Nc4 Qe6 20. Rd2 Nxe2 21.
f3 Nd4 22. Rdf2 Rad8 23. Qc1 Qf5 24. Re1 Qxd3 25. Qg5 Rxe1 26. Qxd8+ Kg7 27.
Nd6 Re2 28. Ne8+ Kf8 29. Nf6+ Kg7 30. Ne8+ Kf8 31. Nf6+ Kg7 32. Ne8+ Kf8 33.
Nf6+ Kg7 34. Ne8+ 1/2-1/2

[Event "Campeonato Estadual de Mestres do Rio d"]
[Site "TTC R Conde de Bomfim 451 Sal"]
[Date "2022.04.30"]
[Round "3.5"]
[White "Rodrigues, Nei Jorge"]
[Black "Bezerra, Natacio Goncalves"]
[Result "0-1"]
[WhiteElo "1834"]
[BlackElo "1978"]
[PlyCount "44"]
[EventDate "2022.04.29"]
[EventRounds "6"]
[EventCountry "BRA"]

1. d4 d5 2. Nf3 Nf6 3. Bg5 Ne4 4. Bf4 g6 5. e3 Bg7 6. c4 c5 7. cxd5 Qxd5 8.
Bxb8 Rxb8 9. Qa4+ Bd7 10. Qxa7 O-O 11. Nc3 Nxc3 12. bxc3 Ra8 13. Qb6 Rxa2 14.
Rxa2 Qxa2 15. Nd2 Qa1+ 16. Qb1 Qxc3 17. Qxb7 Bg4 18. Qb1 Ra8 19. f3 Ra1 20.
Qxa1 Qxa1+ 21. Ke2 Bd7 22. dxc5 Bc3 0-1

[Event "Campeonato Estadual de Mestres do Rio d"]
[Site "TTC R Conde de Bomfim 451 Sal"]
[Date "2022.04.30"]
[Round "3.7"]
[White "Lage, Pedro Ferreira"]
[Black "Chaves, Jorge Antonio Torre"]
[Result "1-0"]
[WhiteElo "2100"]
[BlackElo "1855"]
[PlyCount "75"]
[EventDate "2022.04.29"]
[EventRounds "6"]
[EventCountry "BRA"]

1. Nf3 f5 2. g3 g6 3. Bg2 Bg7 4. d4 Nf6 5. O-O O-O 6. c4 d6 7. Nc3 Qe8 8. d5 e5
9. dxe6 Bxe6 10. Nd4 Bc8 11. Qb3 c6 12. Qa3 Nh5 13. Rd1 Qe7 14. Nf3 Rd8 15. Bg5
Bf6 16. Bxf6 Nxf6 17. Rd4 Na6 18. Rad1 Nc5 19. b4 Nce4 20. Nxe4 Nxe4 21. Nd2
Nf6 22. e4 Be6 23. Qe3 Qf7 24. exf5 Bxf5 25. Nf3 Re8 26. Qf4 Ne4 27. Ng5 Nxg5
28. Qxg5 Rad8 29. h4 Qe6 30. b5 Qc8 31. bxc6 bxc6 32. Rxd6 Rxd6 33. Rxd6 Qb8
34. Qf6 Qb1+ 35. Kh2 Qxa2 36. Rxc6 Qxf2 37. Rc7 Qxg2+ 38. Kxg2 1-0

[Event "Campeonato Estadual de Mestres do Rio d"]
[Site "TTC R Conde de Bomfim 451 Sal"]
[Date "2022.04.30"]
[Round "3.11"]
[White "Lima, Stefan Moisei Vieir"]
[Black "Pereira, Pedro Nunes"]
[Result "1-0"]
[WhiteElo "1820"]
[BlackElo "1820"]
[PlyCount "53"]
[EventDate "2022.04.29"]
[EventRounds "6"]
[EventCountry "BRA"]

1. e4 c6 2. Nf3 d5 3. Nc3 dxe4 4. Nxe4 Bf5 5. Ng3 Bg6 6. h4 h6 7. Ne5 Bh7 8.
Qh5 g6 9. Qf3 Qd5 10. Qxd5 cxd5 11. Bb5+ Kd8 12. Nxf7+ Kc7 13. Nxh8 Nd7 14. Nf7
Bg7 15. Bxd7 Kxd7 16. f4 Ke6 17. Ne5 d4 18. b3 Rc8 19. Bb2 Bxe5 20. fxe5 Kxe5
21. Ne2 Rxc2 22. Bxd4+ Ke4 23. Bc3 e5 24. O-O g5 25. h5 Kd3 26. Rf3+ Kxe2 27.
Re3# 1-0

[Event "Campeonato Estadual de Mestres do Rio d"]
[Site "TTC R Conde de Bomfim 451 Sal"]
[Date "2022.04.30"]
[Round "3.12"]
[White "Dias, Matheus Braga"]
[Black "Nunes, Felipe Streva"]
[Result "0-1"]
[WhiteElo "1781"]
[BlackElo "1822"]
[PlyCount "76"]
[EventDate "2022.04.29"]
[EventRounds "6"]
[EventCountry "BRA"]

1. e4 d6 2. d4 Nd7 3. f4 e5 4. Nf3 exd4 5. c3 Ngf6 6. Bd3 Nc5 7. O-O Ncxe4 8.
cxd4 d5 9. Nc3 Be7 10. Ne5 O-O 11. g4 Nxc3 12. bxc3 Ne4 13. g5 f6 14. Bxe4 dxe4
15. Qb3+ Kh8 16. Nf7+ Rxf7 17. Qxf7 Bg4 18. Be3 Bf3 19. h4 Qd7 20. Rxf3 Qg4+
21. Rg3 Qxg3+ 22. Kh1 Qxh4+ 23. Kg2 Qg4+ 24. Kh2 Qe2+ 25. Kh1 Qf3+ 26. Kh2 Qxe3
27. Qxe7 Qxf4+ 28. Kh1 fxg5 29. Rg1 h6 30. Qe6 Rf8 31. Rg4 Qf1+ 32. Rg1 Qf3+
33. Rg2 Rf4 34. Qc8+ Kh7 35. Kh2 Rh4+ 36. Kg1 Qe3+ 37. Rf2 Qg3+ 38. Kf1 Rh1+
0-1

[Event "Campeonato Estadual de Mestres do Rio d"]
[Site "TTC R Conde de Bomfim 451 Sal"]
[Date "2022.04.30"]
[Round "3.13"]
[White "Serpa, Rafael Araujo"]
[Black "Da Rocha, Joao Batista Jose"]
[Result "1-0"]
[WhiteElo "2100"]
[BlackElo "1753"]
[PlyCount "92"]
[EventDate "2022.04.29"]
[EventRounds "6"]
[EventCountry "BRA"]

1. e4 c5 2. Nf3 d6 3. Bb5+ Nd7 4. a4 a6 5. Be2 e5 6. O-O Ngf6 7. d3 Be7 8. Nc3
O-O 9. h3 b6 10. Nh2 Bb7 11. f4 exf4 12. Bxf4 Ne5 13. Bxe5 dxe5 14. g4 Ne8 15.
Kh1 Nc7 16. Bf3 Ne6 17. Nd5 Bd6 18. Rf2 Bxd5 19. exd5 Nf4 20. Bg2 Rc8 21. c4 a5
22. Qd2 g5 23. Nf1 Qf6 24. Ng3 Qd8 25. Kh2 f6 26. Be4 Rc7 27. Rh1 Ng6 28. Nf5
Ne7 29. h4 Nxf5 30. Rxf5 h6 31. Kg2 Kg7 32. hxg5 fxg5 33. Qf2 Rxf5 34. Qxf5 Qf6
35. Qxf6+ Kxf6 36. Rxh6+ Ke7 37. Rg6 Rc8 38. Rxg5 Rf8 39. Bf5 Rf6 40. Be6 Rf8
41. Rg7+ Kf6 42. Rb7 e4 43. dxe4 Ke5 44. Rxb6 Rd8 45. Bf5 Kd4 46. b3 Rh8 {
Ilegivel} 1-0

[Event "Campeonato Estadual de Mestres do Rio d"]
[Site "TTC R Conde de Bomfim 451 Sal"]
[Date "2022.04.30"]
[Round "3.14"]
[White "Menezes, Grasielle Cristina "]
[Black "Machado, Wallace Fernandes"]
[Result "0-1"]
[WhiteElo "1779"]
[BlackElo "1691"]
[PlyCount "74"]
[EventDate "2022.04.29"]
[EventRounds "6"]
[EventCountry "BRA"]

1. d4 Nf6 2. c4 e6 3. Nf3 b6 4. Nc3 Bb7 5. Bg5 Be7 6. e3 O-O 7. Be2 d6 8. O-O
h6 9. Bh4 Nfd7 10. Bg3 Bf6 11. Rc1 a6 12. Qc2 Re8 13. Rfd1 e5 14. dxe5 Nxe5 15.
Nxe5 Bxe5 16. Qf5 Bf6 17. b3 g6 18. Qc2 Nd7 19. Nd5 Bg7 20. Nxc7 Qxc7 21. Bxd6
Qc8 22. Bg4 h5 23. Be2 Nc5 24. b4 Be4 25. Qd2 Ne6 26. c5 bxc5 27. bxc5 Rd8 28.
Qb4 Bc6 29. Rb1 Rd7 30. Qh4 Bb5 31. Bf3 Bc6 32. Bxc6 Qxc6 33. Rb6 Qxc5 34. Qa4
Rad8 35. Qxa6 Qc8 36. Rc6 Qxa6 37. Rxa6 Bf8 0-1

[Event "Campeonato Estadual de Mestres do Rio d"]
[Site "TTC R Conde de Bomfim 451 Sal"]
[Date "2022.04.30"]
[Round "4.1"]
[White "Bezerra, Natacio Goncalves"]
[Black "Yunes, David Teles"]
[Result "1-0"]
[WhiteElo "1978"]
[BlackElo "1955"]
[PlyCount "97"]
[EventDate "2022.04.29"]
[EventRounds "6"]
[EventCountry "BRA"]

1. e4 c5 2. Nc3 g6 3. g3 Bg7 4. Bg2 e6 5. d3 Ne7 6. f4 d5 7. e5 h5 8. Nf3 Nbc6
9. Bd2 a6 10. O-O O-O 11. Be1 Nf5 12. Bf2 b6 13. h3 Nh6 14. d4 cxd4 15. Nxd4
Nxd4 16. Bxd4 Rb8 17. Ne2 Bd7 18. a4 Qe7 19. c3 Rfc8 20. Bf2 Rc4 21. Nd4 Qe8
22. Re1 Rxa4 23. Rxa4 Bxa4 24. Qe2 a5 25. f5 Nxf5 26. Nxf5 gxf5 27. Qxh5 Bc2
28. Bd4 Be4 29. Bxe4 dxe4 30. g4 f6 31. Qxe8+ Rxe8 32. exf6 Bf8 33. g5 Kf7 34.
Re2 Bc5 35. Kg2 Bxd4 36. cxd4 Rc8 37. h4 Rc4 38. h5 Rxd4 39. Rc2 Rd7 40. Kg3 e5
41. Rc6 f4+ 42. Kg4 e3 43. g6+ Ke8 44. Rc8+ Rd8 45. Rxd8+ Kxd8 46. Kf3 e4+ 47.
Ke2 Ke8 48. h6 f3+ 49. Kxe3 1-0

[Event "Campeonato Estadual de Mestres do Rio d"]
[Site "TTC R Conde de Bomfim 451 Sal"]
[Date "2022.04.30"]
[Round "4.2"]
[White "Limp, Eduardo Thelio Da S"]
[Black "Okamura, Milton Kasuo"]
[Result "1/2-1/2"]
[WhiteElo "2322"]
[BlackElo "1907"]
[PlyCount "87"]
[EventDate "2022.04.29"]
[EventRounds "6"]
[EventCountry "BRA"]

1. Nf3 d5 2. d4 Nf6 3. c4 c6 4. e3 e6 5. Nc3 Nbd7 6. Qc2 Bd6 7. Bd3 dxc4 8.
Bxc4 b5 9. Be2 Bb7 10. O-O O-O 11. Rd1 Qc7 12. e4 e5 13. Bg5 exd4 14. Bxf6 Nxf6
15. Rxd4 Bc5 16. Rd3 Ng4 17. Rf1 Bd6 18. g3 Rad8 19. Nd4 Ne5 20. Rdd1 a6 21.
Nf5 Bc5 22. Rc1 g6 23. Nh6+ Kg7 24. Ng4 Nxg4 25. Bxg4 Qe5 26. Bf3 Bd4 27. b3
Rfe8 28. Bg2 c5 29. Kh1 Bxc3 30. Qxc3 Qxc3 31. Rxc3 Bxe4 32. Rxc5 Rd2 33. a4
bxa4 34. bxa4 Ra2 35. Bxe4 Rxe4 36. a5 Rea4 37. Kg2 Rxa5 38. Rxa5 Rxa5 39. Rc1
Ra2 40. Rc6 h5 41. h4 a5 42. Ra6 Ra3 43. Kg1 a4 44. Kg2 1/2-1/2

[Event "Campeonato Estadual de Mestres do Rio d"]
[Site "TTC R Conde de Bomfim 451 Sal"]
[Date "2022.04.30"]
[Round "4.3"]
[White "De Carvalho, Jose Jorge"]
[Black "Lage, Pedro Ferreira"]
[Result "1-0"]
[WhiteElo "2159"]
[BlackElo "2100"]
[PlyCount "149"]
[EventDate "2022.04.29"]
[EventRounds "6"]
[EventCountry "BRA"]

1. c4 c6 2. Nf3 d5 3. b3 Nf6 4. Bb2 Bf5 5. g3 e6 6. Bg2 Nbd7 7. O-O Be7 8. d3
O-O 9. Nc3 h6 10. Re1 Bh7 11. e4 dxe4 12. Nxe4 Nxe4 13. dxe4 Nc5 14. Nd4 e5 15.
Nf5 Bxf5 16. exf5 Nd3 17. Re2 Bc5 18. Bc3 Nxf2 19. Rxf2 Qb6 20. Qe2 Rad8 21.
Raf1 f6 22. Be4 Rf7 23. Kg2 Bxf2 24. Qxf2 Rfd7 25. Qxb6 axb6 26. Bc2 b5 27.
cxb5 cxb5 28. Rf2 Ra8 29. b4 Kf8 30. Bb3 Rd3 31. Rf3 Rd6 32. Kf2 Ke7 33. Ke2
Rad8 34. Be1 Rc8 35. Bd2 Kd8 36. Be3 b6 37. Rf1 Rc3 38. Rd1 Rxd1 39. Bxb6+ Kd7
40. Bxd1 Kc6 41. Bc5 Kd5 42. Kd2 Ra3 43. Bb3+ Ke4 44. Be6 Kf3 45. Bd5+ Kg4 46.
Kc2 Kxf5 47. Kb2 Rd3 48. Bc6 e4 49. Bxb5 Rd2+ 50. Kb3 Rxh2 51. Bc4 Rg2 52. b5
e3 53. b6 e2 54. Bb4 Rxg3+ 55. Ka4 Re3 56. b7 Re8 57. Bxe2 Rxe2 58. b8=Q Rxa2+
59. Kb3 Rg2 60. Qb5+ Kg6 61. Qe8+ Kf5 62. Qc8+ Kg6 63. Qe8+ Kf5 64. Qh5+ Rg5
65. Qf7 h5 66. Bd2 Rg3+ 67. Kc4 h4 68. Qd5+ Kg4 69. Qe4+ Kh3 70. Qh1+ Kg4 71.
Be1 Re3 72. Qxh4+ Kf5 73. Qh7+ g6 74. Qd7+ Ke4 75. Qd5+ 1-0

[Event "Campeonato Estadual de Mestres do Rio d"]
[Site "TTC R Conde de Bomfim 451 Sal"]
[Date "2022.04.30"]
[Round "4.4"]
[White "Baptista, Andre Kemper"]
[Black "Manzi, Luiz Antonio Bardar"]
[Result "1/2-1/2"]
[WhiteElo "1930"]
[BlackElo "2008"]
[PlyCount "115"]
[EventDate "2022.04.29"]
[EventRounds "6"]
[EventCountry "BRA"]

1. e4 Nf6 2. Nc3 d5 3. e5 d4 4. exf6 dxc3 5. fxe7 cxd2+ 6. Bxd2 Bxe7 7. Bd3 O-O
8. Qf3 Nc6 9. Bf4 Bf6 10. O-O-O Qe7 11. Ne2 Be6 12. Rhe1 Qb4 13. c3 Qa5 14. a3
Qb6 15. Qg3 Rac8 16. Be3 Qa5 17. Bc2 Rfd8 18. Rxd8+ Rxd8 19. Rd1 Rxd1+ 20. Bxd1
g6 21. Qf4 Be5 22. Qa4 Qd5 23. Nf4 Bxf4 24. Qxf4 Qa2 25. Qf6 Qa1+ 26. Kd2 Qxb2+
27. Ke1 Qb5 28. Be2 Qb1+ 29. Bd1 Bb3 30. Qf3 Ne5 31. Qe2 Bxd1 32. Qxd1 Qxd1+
33. Kxd1 b6 34. f3 f6 35. Kc2 Kf7 36. Kb3 Ke6 37. a4 Kd5 38. Kb4 Nc4 39. Bc1
c5+ 40. Kb5 a5 41. Bf4 Nb2 42. Bc7 Nd1 43. c4+ Kd4 44. Bxb6 Nc3+ 45. Kxa5 Kxc4
46. Bd8 f5 47. Bf6 Nd5 48. Be5 g5 49. g3 h5 50. h3 Kb3 51. Kb5 c4 52. a5 c3 53.
Bxc3 Kxc3 54. Kc5 Nb4 55. g4 hxg4 56. hxg4 fxg4 57. fxg4 Na6+ 58. Kd5 1/2-1/2

[Event "Campeonato Estadual de Mestres do Rio d"]
[Site "TTC R Conde de Bomfim 451 Sal"]
[Date "2022.04.30"]
[Round "4.5"]
[White "Fernandes, Felipe Gambini"]
[Black "De Albuquerque, Ian Telek Cavalcant"]
[Result "0-1"]
[WhiteElo "1937"]
[BlackElo "1898"]
[PlyCount "90"]
[EventDate "2022.04.29"]
[EventRounds "6"]
[EventCountry "BRA"]

1. d4 Nf6 2. c4 g6 3. Nc3 Bg7 4. Nf3 O-O 5. h3 d5 6. cxd5 Nxd5 7. e4 Nxc3 8.
bxc3 c5 9. Bc4 Nc6 10. Be3 Qa5 11. Qd2 Rd8 12. Rd1 b5 13. Bd5 Bb7 14. O-O e6
15. Bxc6 Bxc6 16. Qc2 cxd4 17. Bxd4 Rac8 18. Bxg7 Kxg7 19. Rxd8 Rxd8 20. c4 Qb4
21. Rc1 bxc4 22. Qxc4 Rd1+ 23. Kh2 Qb8+ 24. g3 Rxc1 25. Qxc1 Bxe4 26. Qc3+ Kg8
27. Qf6 Bxf3 28. Qxf3 Kg7 29. Qc3+ e5 30. f4 f6 31. fxe5 Qxe5 32. Qd2 a5 33. h4
g5 34. hxg5 fxg5 35. Qd7+ Kg6 36. Qd3+ Kh6 37. Qc4 Kh5 38. Qf7+ Kg4 39. Qd7+
Kf3 40. Qd3+ Kf2 41. Qc2+ Qe2 42. Qf5+ Ke1+ 43. Kh3 Qf1+ 44. Kg4 Qxf5+ 45. Kxf5
h6 0-1

[Event "Campeonato Estadual de Mestres do Rio d"]
[Site "TTC R Conde de Bomfim 451 Sal"]
[Date "2022.04.30"]
[Round "4.6"]
[White "Farias, Jose Walter"]
[Black "Almeida, Israel Marcos Marin"]
[Result "0-1"]
[WhiteElo "1800"]
[BlackElo "1720"]
[PlyCount "118"]
[EventDate "2022.04.29"]
[EventRounds "6"]
[EventCountry "BRA"]

1. c4 c6 2. Nc3 d5 3. cxd5 cxd5 4. d3 e6 5. Nf3 Nc6 6. g3 Nf6 7. Bg2 a6 8. O-O
Be7 9. Bf4 b5 10. Rc1 Bb7 11. Ne5 Nxe5 12. Bxe5 O-O 13. h3 Rc8 14. Qb3 Qb6 15.
Rc2 Nd7 16. d4 f6 17. Bf4 Qxd4 18. Be3 Qc4 19. Rfc1 Qxb3 20. axb3 Kh8 21. Na2
b4 22. Rc7 Rxc7 23. Rxc7 Bc8 24. Bd2 a5 25. Ra7 Bd8 26. Ra8 Bb7 27. Ra7 Bc6 28.
Bxb4 axb4 29. Nxb4 Bb6 30. Nxc6 Bxa7 31. Nxa7 Rb8 32. Nc6 Rxb3 33. Nd4 Rb6 34.
b4 e5 35. Nc2 d4 36. f4 Nb8 37. Kf2 Kg8 38. Ke1 Na6 39. Kd2 Nxb4 40. Nxb4 Rxb4
41. fxe5 fxe5 42. Be4 Kf7 43. Ke1 Kf6 44. Bxh7 g6 45. Bg8 e4 46. Bd5 Ke5 47.
Bf7 Rb6 48. Bc4 Rf6 49. Bb5 e3 50. Bd3 g5 51. h4 gxh4 52. gxh4 Rh6 53. Kd1 Rxh4
54. Kc2 Rh6 55. Kb3 Rc6 56. Kb4 Rc3 57. Ba6 Kf4 58. Bc4 Rxc4+ 59. Kxc4 Ke4 0-1

[Event "Campeonato Estadual de Mestres do Rio d"]
[Site "TTC R Conde de Bomfim 451 Sal"]
[Date "2022.04.30"]
[Round "4.7"]
[White "De Araujo, Sidney Rocha"]
[Black "Lima, Stefan Moisei Vieir"]
[Result "0-1"]
[WhiteElo "1800"]
[BlackElo "1820"]
[PlyCount "60"]
[EventDate "2022.04.29"]
[EventRounds "6"]
[EventCountry "BRA"]

1. d4 Nf6 2. Bg5 Ne4 3. Bh4 c5 4. f3 g5 5. fxe4 gxh4 6. e3 Bh6 7. Qf3 Qb6 8.
Bc4 Qxb2 9. Bxf7+ Kd8 10. Ne2 Qxa1 11. O-O Nc6 12. Nbc3 Qb2 13. d5 Ne5 14. Qh5
Nxf7 15. Rxf7 Bxe3+ 16. Kh1 Qa1+ 17. Nc1 Qxc1+ 18. Nd1 Qd2 19. Rf1 b6 20. d6
exd6 21. Qf3 Bg5 22. e5 d5 23. Qf7 Ba6 24. e6 dxe6 25. Qxe6 Bxf1 26. Qd6+ Kc8
27. Qc6+ Kb8 28. Qd6+ Kb7 29. Qd7+ Ka6 30. a4 Qxg2# 0-1

[Event "Campeonato Estadual de Mestres do Rio d"]
[Site "TTC R Conde de Bomfim 451 Sal"]
[Date "2022.04.30"]
[Round "4.8"]
[White "Nunes, Felipe Streva"]
[Black "De Oliveira, Sergio Patricio"]
[Result "1-0"]
[WhiteElo "1822"]
[BlackElo "1472"]
[PlyCount "143"]
[EventDate "2022.04.29"]
[EventRounds "6"]
[EventCountry "BRA"]

1. e4 c5 2. Nf3 d6 3. d4 cxd4 4. Nxd4 Nf6 5. Nc3 a6 6. f3 e6 7. Bg5 Be7 8. Bc4
Qc7 9. Bb3 O-O 10. Qd2 h6 11. Be3 Nc6 12. Nxc6 Qxc6 13. h4 b5 14. g4 b4 15. Ne2
a5 16. Nd4 Qb7 17. g5 Nh5 18. gxh6 g6 19. Bg5 Rd8 20. Bxe7 Qxe7 21. Nc6 Qf6 22.
Nxd8 Qxf3 23. Rh2 Qxe4+ 24. Qe2 Qd4 25. Rd1 Qxb2 26. Qf3 Qe5+ 27. Re2 Qg3+ 28.
Qxg3 Nxg3 29. Rg2 Nf5 30. Rf2 d5 31. Ba4 Ba6 32. h7+ Kg7 33. h8=Q+ Kxh8 34.
Nxf7+ Kg7 35. Ng5 Kf6 36. Bd7 Bc8 37. Bxc8 Rxc8 38. Rdd2 Rd8 39. Rde2 Rd6 40.
Kd2 Ke7 41. h5 Kf6 42. Nxe6 d4 43. hxg6 Kxg6 44. Kd3 Rc6 45. Rxf5 Rc3+ 46. Kxd4
Kxf5 47. Nc5 Ra3 48. c4 bxc3 49. Rf2+ Kg4 50. Nb3 a4 51. Nc1 c2 52. Rxc2 Rf3
53. Rc4 Kf5 54. Kc5 Ke5 55. Rxa4 Rc3+ 56. Rc4 Ra3 57. Kb4 Ra8 58. a4 Kd5 59.
Rc5+ Kd6 60. Nb3 Rb8+ 61. Rb5 Ra8 62. a5 Kc6 63. Nd4+ Kc7 64. Rb6 Rg8 65. Nb5+
Kc8 66. a6 Rg4+ 67. Ka5 Rg1 68. Rc6+ Kd7 69. Rc7+ Kd8 70. a7 Ra1+ 71. Kb6 Ra2
72. Kb7 1-0

[Event "Campeonato Estadual de Mestres do Rio d"]
[Site "TTC R Conde de Bomfim 451 Sal"]
[Date "2022.04.30"]
[Round "4.13"]
[White "Pereira, Pedro Nunes"]
[Black "Dias, Matheus Braga"]
[Result "1/2-1/2"]
[WhiteElo "1820"]
[BlackElo "1781"]
[PlyCount "125"]
[EventDate "2022.04.29"]
[EventRounds "6"]
[EventCountry "BRA"]

1. d4 d5 2. Nf3 c5 3. c3 Nc6 4. dxc5 e5 5. Bg5 f6 6. Bh4 Bxc5 7. e3 Nge7 8. Bb5
O-O 9. O-O Bg4 10. Be2 Qb6 11. b4 Bd6 12. Bg3 Rfd8 13. h3 Bxf3 14. Bxf3 Bc7 15.
Qb3 Kh8 16. Rd1 e4 17. Bxc7 Qxc7 18. Be2 Ne5 19. Na3 a6 20. c4 dxc4 21. Nxc4 b5
22. Nxe5 Qxe5 23. Rac1 Rac8 24. a4 h6 25. Rxd8+ Rxd8 26. axb5 axb5 27. Rc5 Qa1+
28. Kh2 Rd2 29. Rc2 Qe5+ 30. Kg1 Qa1+ 31. Kh2 Qe5+ 32. g3 Qd6 33. Bxb5 Rxc2 34.
Qxc2 Qxb4 35. Bf1 f5 36. Qc7 Kh7 37. Qe5 g6 38. Qe6 h5 39. g4 fxg4 40. hxg4
Qb8+ 41. Kg2 Qf8 42. gxh5 gxh5 43. Qxe4+ Kh6 44. Be2 Nf5 45. Qf4+ Kg7 46. Qg5+
Kh8 47. Qxh5+ Kg7 48. e4 Nh6 49. Qg5+ Kh8 50. f4 Qd6 51. e5 Qd5+ 52. Bf3 Qd2+
53. Kh3 Ng8 54. Qg3 Qd3 55. e6 Qf5+ 56. Bg4 Qh7+ 57. Qh4 Qxh4+ 58. Kxh4 Kg7 59.
Kg5 Kf8 60. f5 Ke7 61. Kg6 Nf6 62. Bf3 Ne8 63. Bc6 1/2-1/2

[Event "Campeonato Estadual de Mestres do Rio d"]
[Site "TTC R Conde de Bomfim 451 Sal"]
[Date "2022.04.30"]
[Round "4.14"]
[White "Da Rocha, Joao Batista Jose"]
[Black "Menezes, Grasielle Cristina "]
[Result "0-1"]
[WhiteElo "1753"]
[BlackElo "1779"]
[PlyCount "102"]
[EventDate "2022.04.29"]
[EventRounds "6"]
[EventCountry "BRA"]

1. c4 Nf6 2. Nf3 g6 3. g3 Bg7 4. Bg2 O-O 5. O-O d6 6. Nc3 Nc6 7. e4 Bg4 8. h3
Bxf3 9. Qxf3 Nd4 10. Qd1 Nd7 11. d3 f5 12. f4 Rb8 13. Kh2 e5 14. Ne2 exf4 15.
Bxf4 Qe7 16. Rb1 Nc5 17. Nxd4 Bxd4 18. b4 Ne6 19. exf5 Nxf4 20. gxf4 Rxf5 21.
Be4 Rxf4 22. Rxf4 Be5 23. Kh1 Bxf4 24. Qg4 Be5 25. Re1 Qf6 26. Qg2 Rf8 27. Bxb7
Qf2 28. Bd5+ Kg7 29. Qxf2 Rxf2 30. Bg2 Rxa2 31. c5 Rd2 32. cxd6 cxd6 33. Be4
Rh2+ 34. Kg1 Rxh3 35. Rc1 h5 36. Rc7+ Kf6 37. Rc8 g5 38. Rf8+ Kg7 39. Rd8 g4
40. Kg2 Rg3+ 41. Kf1 Kf6 42. Rf8+ Kg7 43. Rd8 h4 44. Rd7+ Kf6 45. Rxa7 Rg1+ 46.
Ke2 Rb1 47. Rh7 h3 48. Rh5 Rb2+ 49. Ke3 Bg3 50. Rf5+ Ke6 51. b5 d5 0-1

[Event "Campeonato Estadual de Mestres do Rio d"]
[Site "TTC R Conde de Bomfim 451 Sal"]
[Date "2022.05.01"]
[Round "5.1"]
[White "Bezerra, Natacio Goncalves"]
[Black "De Carvalho, Jose Jorge"]
[Result "0-1"]
[WhiteElo "1978"]
[BlackElo "2159"]
[PlyCount "140"]
[EventDate "2022.04.29"]
[EventRounds "6"]
[EventCountry "BRA"]

1. e4 d5 2. exd5 Qxd5 3. Nc3 Qd6 4. d4 Nf6 5. Bc4 Bg4 6. f3 Bf5 7. Nge2 c6 8.
Bf4 Qb4 9. Bb3 e6 10. O-O Nbd7 11. Ng3 Bg6 12. Re1 Be7 13. a3 Qb6 14. Kh1 O-O
15. Qd2 Qd8 16. Rad1 Nd5 17. Nxd5 cxd5 18. a4 a5 19. Ne2 Nb6 20. Nc3 Bb4 21.
Qf2 Bxc3 22. bxc3 Qd7 23. Ra1 Rfc8 24. Reb1 Rxc3 25. Rb2 Rc6 26. Rab1 Nc8 27.
Ba2 b6 28. Qe2 Ne7 29. Rxb6 Rxb6 30. Rxb6 Qxa4 31. c3 h6 32. h3 Qc2 33. Qxc2
Bxc2 34. g4 Rc8 35. Bd2 a4 36. Rb2 Bd1 37. Kg2 Nc6 38. Rb1 Bc2 39. Rb2 Bd3 40.
Kf2 Rb8 41. Rxb8+ Nxb8 42. Ke3 Bf1 43. h4 Nc6 44. Kf2 Bd3 45. Ke3 Bc2 46. c4
Bb3 47. cxd5 Bxd5 48. Bxd5 exd5 49. Bc3 f6 50. Kd3 Na7 51. Ba1 Nb5 52. Kc2 g6
53. Kd3 Kf7 54. Bb2 Ke6 55. Bc1 h5 56. Be3 Nd6 57. Kc3 Nc4 58. Bc1 hxg4 59.
fxg4 f5 60. h5 fxg4 61. h6 Kf7 62. Bf4 a3 63. Kb3 Kg8 64. Be5 Kh7 65. Bf4 g3
66. Bxg3 Kxh6 67. Be1 Kg5 68. Kb4 Kf5 69. Kc5 Ke4 70. Bc3 g5 0-1

[Event "Campeonato Estadual de Mestres do Rio d"]
[Site "TTC R Conde de Bomfim 451 Sal"]
[Date "2022.05.01"]
[Round "5.2"]
[White "De Albuquerque, Ian Telek Cavalcant"]
[Black "Limp, Eduardo Thelio Da S"]
[Result "0-1"]
[WhiteElo "1898"]
[BlackElo "2322"]
[PlyCount "62"]
[EventDate "2022.04.29"]
[EventRounds "6"]
[EventCountry "BRA"]

1. e4 b6 2. d4 Bb7 3. Bd3 e6 4. c4 Nf6 5. Nc3 Bb4 6. f3 c5 7. d5 b5 8. Nge2
bxc4 9. Bxc4 Nxd5 10. Bxd5 exd5 11. exd5 O-O 12. O-O Ba6 13. Qc2 Bxc3 14. bxc3
d6 15. Rd1 Bxe2 16. Qxe2 Re8 17. Qc2 Nd7 18. Bf4 Qf6 19. Bg3 h5 20. Qa4 Nb6 21.
Qf4 Qxf4 22. Bxf4 Nc4 23. Kf2 f6 24. h3 Rab8 25. Rab1 Rb6 26. Rxb6 axb6 27. Re1
Rxe1 28. Kxe1 Kf7 29. Ke2 Ke7 30. Kd3 b5 31. Kc2 Nb6 0-1

[Event "Campeonato Estadual de Mestres do Rio d"]
[Site "TTC R Conde de Bomfim 451 Sal"]
[Date "2022.05.01"]
[Round "5.3"]
[White "Yunes, David Teles"]
[Black "Almeida, Israel Marcos Marin"]
[Result "1-0"]
[WhiteElo "1955"]
[BlackElo "1720"]
[PlyCount "45"]
[EventDate "2022.04.29"]
[EventRounds "6"]
[EventCountry "BRA"]

1. e4 e6 2. d4 d5 3. Nd2 dxe4 4. Nxe4 Be7 5. Nf3 Nd7 6. Bf4 Ngf6 7. Nxf6+ Nxf6
8. Bd3 O-O 9. Qe2 b6 10. O-O-O Bb7 11. h4 Qd5 12. Kb1 c5 13. c4 Qd7 14. Ne5 Qc8
15. h5 cxd4 16. f3 Bd6 17. g4 Bxe5 18. Bxe5 Nxg4 19. fxg4 Bxh1 20. Rxh1 Qc5 21.
g5 Qe7 22. Qe4 g6 23. Bf6 1-0

[Event "Campeonato Estadual de Mestres do Rio d"]
[Site "TTC R Conde de Bomfim 451 Sal"]
[Date "2022.05.01"]
[Round "5.4"]
[White "Okamura, Milton Kasuo"]
[Black "Baptista, Andre Kemper"]
[Result "1-0"]
[WhiteElo "1907"]
[BlackElo "1930"]
[PlyCount "67"]
[EventDate "2022.04.29"]
[EventRounds "6"]
[EventCountry "BRA"]

1. d4 Nf6 2. c4 g6 3. Nc3 Bg7 4. e4 d6 5. Nf3 O-O 6. Be2 Nc6 7. d5 Ne5 8. Nxe5
dxe5 9. O-O e6 10. Be3 exd5 11. cxd5 Bd7 12. Qb3 b6 13. Rfe1 Ne8 14. a4 Kh8 15.
a5 Nd6 16. axb6 axb6 17. Ra3 Rxa3 18. Qxa3 Qa8 19. Ra1 Qxa3 20. Rxa3 f5 21. f3
fxe4 22. fxe4 b5 23. Bc5 Rb8 24. Bxd6 cxd6 25. Bxb5 Bxb5 26. Nxb5 Bf8 27. Nc7
Bh6 28. Ra8 Rxa8 29. Nxa8 Kg7 30. b4 Be3+ 31. Kf1 Kf8 32. b5 Ba7 33. g3 Bb8 34.
Nc7 1-0

[Event "Campeonato Estadual de Mestres do Rio d"]
[Site "TTC R Conde de Bomfim 451 Sal"]
[Date "2022.05.01"]
[Round "5.5"]
[White "Manzi, Luiz Antonio Bardar"]
[Black "Nunes, Felipe Streva"]
[Result "1-0"]
[WhiteElo "2008"]
[BlackElo "1822"]
[PlyCount "93"]
[EventDate "2022.04.29"]
[EventRounds "6"]
[EventCountry "BRA"]

1. Nf3 Nf6 2. g3 d5 3. Bg2 g6 4. O-O Bg7 5. d4 O-O 6. c3 c6 7. Nbd2 Bf5 8. Re1
Ne4 9. Nh4 Nxd2 10. Nxf5 Ne4 11. Nxg7 Kxg7 12. f3 Nf6 13. e4 dxe4 14. fxe4 e6
15. Qf3 h6 16. Rf1 Nbd7 17. Be3 Qe7 18. Rae1 Ng8 19. Bd2 Rad8 20. e5 Nb6 21.
Qf2 Nd5 22. a3 Nc7 23. c4 f5 24. Bb4 Qf7 25. Bxf8+ Rxf8 26. Rd1 g5 27. Rd2 Ne7
28. Rfd1 f4 29. Be4 Qh5 30. Rf1 Nf5 31. Bxf5 Rxf5 32. gxf4 Rxf4 33. Qe2 Rg4+
34. Kh1 Qh3 35. Qf3 Qxf3+ 36. Rxf3 h5 37. Rdf2 Rxd4 38. Rf7+ Kg8 39. Rf8+ Kg7
40. R2f7+ Kg6 41. Rf6+ Kg7 42. R8f7+ Kg8 43. Rxc7 h4 44. Rxe6 Rd8 45. Rg6+ Kf8
46. e6 h3 47. Rf7+ 1-0